100 Business leaders of Pakistan : (Record no. 349370)

000 -LEADER
fixed length control field 01121cam a22003255a 4500
001 - CONTROL NUMBER
control field 17628847
003 - CONTROL NUMBER IDENTIFIER
control field OSt
005 - DATE AND TIME OF LATEST TRANSACTION
control field 20180116182947.0
008 - FIXED-LENGTH DATA ELEMENTS--GENERAL INFORMATION
fixed length control field 130216s2012 pk a 000 0deng
010 ## - LIBRARY OF CONGRESS CONTROL NUMBER
LC control number 2013352195
025 ## - OVERSEAS ACQUISITION NUMBER
Overseas acquisition number P-E-2013352195; 26
037 ## - SOURCE OF ACQUISITION
Source of stock number/acquisition Library of Congress -- Islamabad Overseas Office
Terms of availability Rs 2495.00
040 ## - CATALOGING SOURCE
Original cataloging agency DLC
Transcribing agency DLC
042 ## - AUTHENTICATION CODE
Authentication code lcode
-- pcc
043 ## - GEOGRAPHIC AREA CODE
Geographic area code a-pk---
050 00 - LIBRARY OF CONGRESS CALL NUMBER
Classification number HC440.5.A5-.Z6+
082 ## - DEWEY DECIMAL CLASSIFICATION NUMBER
Classification number 303.3495491
100 1# - MAIN ENTRY--PERSONAL NAME
Personal name Nisar, Ijaz.
245 10 - TITLE STATEMENT
Title 100 Business leaders of Pakistan :
Remainder of title exclusive interviews, success stories and case-studies of business leaders, ... /
Statement of responsibility, etc. Ijaz Nisar.
246 3# - VARYING FORM OF TITLE
Title proper/short title Hundred business leaders of Pakistan
246 3# - VARYING FORM OF TITLE
Title proper/short title Business leaders of Pakistan
260 ## - PUBLICATION, DISTRIBUTION, ETC.
Place of publication, distribution, etc. Lahore :
Name of publisher, distributor, etc. Manager Today Publications,
Date of publication, distribution, etc. 2012.
300 ## - PHYSICAL DESCRIPTION
Extent xvi, 543 p. :
Other physical details col. ill. ;
Dimensions 25 cm.
650 #0 - SUBJECT ADDED ENTRY--TOPICAL TERM
Topical term or geographic name entry element Businesspeople
Geographic subdivision Pakistan
Form subdivision Interviews.
650 #0 - SUBJECT ADDED ENTRY--TOPICAL TERM
Topical term or geographic name entry element Success in business
Geographic subdivision Pakistan
Form subdivision Interviews.
730 0# - ADDED ENTRY--UNIFORM TITLE
Uniform title Manager Today.
906 ## - LOCAL DATA ELEMENT F, LDF (RLIN)
a 7
b ibc
c origode
d 3
e ncip
f 20
g y-gencatlg
942 ## - ADDED ENTRY ELEMENTS (KOHA)
Source of classification or shelving scheme
Koha item type Book
Holdings
Withdrawn status Lost status Source of classification or shelving scheme Damaged status Not for loan Collection code Permanent Location Current Location Shelving location Date acquired Total Checkouts Full call number Barcode Date last seen Date last checked out Price effective from Koha item type Source of acquisition
            Central Library (CL) Central Library (CL) General Stacks 09/04/2013 2 303.3495491 NIS 2012 NBS9050 01/25/2022 10/04/2018 09/04/2013 Book  
            Central Library (CL) Central Library (CL)   10/18/2019   303.3495491 CL-D-724 10/18/2019   10/18/2019 Book Donation
© 2023 Central Library, National University of Sciences and Technology. All Rights Reserved.